[Event "Bergen Sommer NVGP 2011"]
[Site "Nordnes bydelshus, Bergen"]
[Date "2011.07.31"]
[Round "1"]
[White "Lie, Terje"]
[Black "Demac, Elias"]
[Result "0-1"]
[WhiteElo "1281"]
[BlackElo "2193"]
[EventDate "2011.??.??"]

1.d4 f5 2.c4 Nf6 3.Nc3 g6 4.g3 Bg7 5.Bg2 O-O 6.Nf3 d6 7.O-O Qe8 8.b3 e5 9.
dxe5 dxe5 10.Ba3 Rf7 11.e3 e4 12.Nd4 c6 13.Qc2 Nbd7 14.Rfd1 Ne5 15.Nde2 g5
16.Rd2 Rd7 17.Rad1 Qh5 18.h3 Nf3+ 19.Bxf3 exf3 20.Nf4 gxf4 21.h4 Qg4 22.
Kh2 fxg3+ 23.fxg3 Nh5 24.Rg1 f4 25.Rxd7 fxg3+ 26.Rxg3 Qxg3+ 27.Kh1 Bxd7 
28.Bb2 f2 
0-1

[Event "Bergen Sommer NVGP 2011"]
[Site "Nordnes bydelshus, Bergen"]
[Date "2011.07.31"]
[Round "1"]
[White "Time, Jonatan Ekelund"]
[Black "Stanghelle, Anders"]
[Result "1-0"]
[WhiteElo "1607"]
[BlackElo "1200"]
[EventDate "2011.??.??"]

1.d4 f5 2.Bg5 g6 3.Nf3 Bg7 4.c4 d6 5.e3 Nf6 6.Be2 O-O 7.Nc3 Qe8 8.d5 e5 9.
dxe6 Bxe6 10.Nd4 Bd7 11.Qb3 c5 12.Ndb5 Bxb5 13.cxb5+ Kh8 14.O-O Nbd7 15.
Rad1 Ne4 16.Nxe4 fxe4 17.Rxd6 h6 18.Bf4 g5 19.Bg3 Nf6 20.Rfd1 Rf7 21.R1d2 
Re7 22.Qd1 Kh7 23.Bc4 Qh5 24.Rd8 Rxd8 25.Rxd8 Qxd1+ 26.Rxd1 Ne8 27.b3 h5 
28.Rd8 Nf6 29.Bd6 Rd7 30.Rxd7 Nxd7 31.Be6 Be5 32.Bf5+ Kg7 33.Bxe5+ Nxe5 
34.Bxe4 b6 35.Kf1 Kf6 36.Ke2 Nf7 37.f4 g4 38.Ba8 Kf5 39.Kd3 Nd6 40.Bc6 Nf7
41.Be8 Kf6 42.Bxf7 
1-0

[Event "Bergen Sommer NVGP 2011"]
[Site "Nordnes bydelshus, Bergen"]
[Date "2011.07.31"]
[Round "1"]
[White "Grønnestad, Anita"]
[Black "Bratbak, Anita"]
[Result "1-0"]
[WhiteElo "1815"]
[BlackElo "1453"]

1.e4 c5 2.c3 g6 3.d4 cxd4 4.cxd4 Bg7 5.Nc3 d6 6.Nf3 Nd7 7.Bc4 e6 8.Bg5 Qb6
9.Qd2 Ne7 10.O-O Nc6 11.Be3 Qd8 12.d5 exd5 13.Qxd5 Nde5 14.Nxe5 Nxe5 15.
Bb5+ Bd7 16.Qxd6 Bc6 17.Bxc6+ Nxc6 18.Qa3 Qe7 19.Bc5 Qe5 20.Rad1 b6 21.Rd5
Qe6 22.Nb5 Be5 23.Bd6 Bxd6 24.Rxd6 Qc8 25.Qc3 
1-0

[Event "Bergen Sommer NVGP 2011"]
[Site "Nordnes bydelshus, Bergen"]
[Date "2011.07.31"]
[Round "1"]
[White "Sørhus, Jostein"]
[Black "Fossan, Petter"]
[Result "0-1"]
[WhiteElo "1326"]
[BlackElo "2182"]
[EventDate "2011.??.??"]

1.d4 Nf6 2.c4 g6 3.Nc3 Bg7 4.e4 d6 5.Nf3 O-O 6.h3 e5 7.d5 Na6 8.Bg5 Qe8 9.
Be2 Nh5 10.g3 f5 11.Nh2 fxe4 12.Bxh5 gxh5 13.Be3 Bxh3 14.Nxe4 Bg2 15.Ng5 
Bxh1 16.Qd2 Qg6 17.O-O-O Be4 18.f3 Bb1 19.Ne6 Bxa2 20.Qd3 Qxd3 21.Rxd3 
Bxc4 22.Rd2 Nb4 
0-1

[Event "Bergen Sommer NVGP 2011"]
[Site "Nordnes bydelshus, Bergen"]
[Date "2011.07.31"]
[Round "1"]
[White "Hansen, Ola"]
[Black "Stokke, Kjetil"]
[Result "0-1"]
[WhiteElo "1460"]
[BlackElo "2383"]
[EventDate "2011.??.??"]

1.e4 g6 2.Nf3 c5 3.d3 Bg7 4.Qe2 Nc6 5.c3 e5 6.g3 Nge7 7.Bg2 O-O 8.O-O d6 
9.Re1 h6 10.Nbd2 Be6 11.h3 Qd7 12.Kh2 b6 13.Nf1 Rad8 14.Be3 f5 15.Rad1 f4 
16.gxf4 exf4 17.Bc1 d5 18.Qc2 d4 19.c4 g5 20.Ng1 Ne5 21.Qe2 N7g6 22.Nd2 
Nh4 23.Ndf3 Nxg2 24.Kxg2 Nxf3 
0-1

[Event "Bergen Sommer NVGP 2011"]
[Site "Nordnes bydelshus, Bergen"]
[Date "2011.07.31"]
[Round "1"]
[White "Bue, Gunnar"]
[Black "Andås, Kjetil"]
[Result "1-0"]
[WhiteElo "1604"]
[BlackElo "1289"]
[EventDate "2011.??.??"]

1.d4 Nf6 2.c4 c5 3.e3 g6 4.Nf3 Bg7 5.Bd3 cxd4 6.exd4 d5 7.b3 Nc6 8.O-O 
dxc4 9.Bxc4 Bg4 10.Bb2 O-O 11.Na3 Nd5 12.Nc2 a6 13.h3 Bf5 14.Ne3 Nxe3 15.
fxe3 Qc7 16.Qe1 e5 17.e4 b5 18.Bd5 Be6 19.Rc1 Bd7 20.Nxe5 Bxe5 21.dxe5 
Qb6+ 22.Qf2 Qxf2+ 23.Rxf2 Rac8 24.Rcf1 Nd8 25.Ba3 Re8 26.Rxf7 Nxf7 27.
Bxf7+ Kg7 28.Bxe8 Rxe8 29.Rc1 Rc8 30.Rxc8 Bxc8 31.Kf2 Kf7 32.Bd6 Bb7 33.
Ke3 Ke6 34.Kf4 h6 35.g4 g5+ 36.Ke3 Bc8 37.Bf8 h5 38.gxh5 Kf7 39.Bh6 g4 40.
h4 Bb7 41.Bf4 Bc8 42.Bg3 Kg7 43.Kd4 Kh6 44.Kd5 Kxh5 45.Kd6 Kg6 46.e6 Kf6 
47.e5+ Kg7 48.Bf4 a5 49.e7 Kf7 50.h5 Bf5 51.h6 b4 52.e6+ Ke8 53.Bg3 Bb1 
54.Bh4 Bg6 55.Kc5 g3 56.Kb5 g2 57.Bf2 Kxe7 58.Kxa5 Kxe6 59.Kxb4 Kf6 60.a4 
Be4 
1-0

[Event "Bergen Sommer NVGP 2011"]
[Site "Nordnes bydelshus, Bergen"]
[Date "2011.07.31"]
[Round "1"]
[White "Strand, Øyvin"]
[Black "Stensholt, Sigvat"]
[Result "1-0"]
[WhiteElo "1967"]
[BlackElo "1439"]
[EventDate "2011.??.??"]

1.d4 d5 2.e3 Nf6 3.Bd3 c5 4.c3 Nc6 5.f4 Bg4 6.Nf3 e6 7.O-O Bd6 8.Qe1 Bf5 
9.Ne5 Bxd3 10.Nxd3 Ne4 11.Nd2 Nxd2 12.Bxd2 c4 13.Ne5 f5 14.b3 Bxe5 15.fxe5
b5 16.Qe2 h5 17.a4 a6 18.bxc4 bxc4 19.e4 fxe4 20.Qf2 Kd7 21.Qf7+ Ne7 22.
Rab1 Rb8 23.Bg5 Rb3 24.Qxg7 Rg8 25.Qf6 Rf8 26.Qh6 Rh8 27.Bxe7 Qe8 28.Qf6 
Rh7 29.Bb4 Qg8 30.Rxb3 cxb3 31.Qf8 Qxf8 32.Bxf8 Kc6 33.Bb4 a5 34.Ba3 Rb7 
35.Rf6 b2 36.Rxe6+ Kc7 37.Re7+ Kc6 38.Rxb7 
1-0

[Event "Bergen Sommer NVGP 2011"]
[Site "Nordnes bydelshus, Bergen"]
[Date "2011.07.31"]
[Round "1"]
[White "Aure, Anders Nilsson"]
[Black "Nordnes, Tor Gunnar"]
[Result "0-1"]
[WhiteElo "992"]
[BlackElo "1624"]
[EventDate "2011.??.??"]

1.c4 c5 2.Nc3 Nc6 3.g3 a6 4.Bg2 Rb8 5.d3 d6 6.Rb1 Bd7 7.Bd2 b5 8.b3 g6 9.
Nf3 Bg7 10.O-O b4 11.Nd5 e6 12.Ne3 Qc8 13.Bc1 Nf6 14.Bb2 e5 15.Ng5 h6 16.
Ne4 Nxe4 17.Bxe4 Bh3 18.Re1 f5 19.Bg2 Bxg2 20.Kxg2 O-O 21.Nd5 f4 22.f3 Rb7
23.e3 fxe3 24.Rxe3 Rbf7 25.Qd2 h5 26.Rf1 Bh6 27.f4 h4 28.Ref3 exf4 29.Nxf4
h3+ 30.Kg1 Qg4 31.Kh1 g5 32.Qd1 gxf4 33.Rg1 Kh7 
0-1

[Event "Bergen Sommer NVGP 2011"]
[Site "Nordnes bydelshus, Bergen"]
[Date "2011.07.31"]
[Round "1"]
[White "Hølleland, Sigve"]
[Black "Skøien, Håvard"]
[Result "0-1"]
[WhiteElo "1353"]
[BlackElo "1949"]
[EventDate "2011.??.??"]

1.c4 c5 2.g3 Nc6 3.Bg2 g6 4.Nc3 Bg7 5.d3 d6 6.Nf3 e5 7.O-O Nge7 8.a3 a5 9.
Be3 O-O 10.Nb5 h6 11.Qc1 Kh7 12.Nh4 Be6 13.Rb1 Rc8 14.Bd2 d5 15.cxd5 Nxd5 
16.Nc3 Nde7 17.Nd1 Nd4 18.Re1 Nb3 19.Qc2 c4 20.Bc3 cxd3 21.Qxd3 Qc7 22.Ne3
Rfd8 23.Qb5 b6 24.Rbd1 Nd4 25.Bxd4 exd4 26.Rc1 Qe5 27.Qxe5 Bxe5 28.Nf1 d3 
29.Rb1 Rc2 30.exd3 Rxb2 31.Nf3 Bc3 32.Rec1 Bf5 33.Rxb2 Bxb2 34.Rb1 Bxa3 
35.Rxb6 Bxd3 36.Rb3 Bc5 37.Ne5 Ba6 38.Nxf7 Rd1 39.Rc3 Bb6 40.Ne5 a4 41.Rf3
Nf5 42.g4 Nd6 43.Nf7 Ne4 44.Rf4 Nc5 45.Rf3 Bd3 46.Ne5 a3 47.Rf7+ Kg8 48.
Rf6 Bxf1 49.Bxf1 a2 50.Kg2 Rxf1 51.Rxg6+ Kh7 52.Kxf1 a1=Q+ 53.Kg2 Bc7 54.
g5 Qxe5 55.Rxh6+ Kg7 56.h4 Ne4 57.Kf3 Nd2+ 58.Kg4 Qf4+ 59.Kh3 Qf3# 
0-1

[Event "Bergen Sommer NVGP 2011"]
[Site "Nordnes bydelshus, Bergen"]
[Date "2011.07.31"]
[Round "1"]
[White "Rafnung, Skjalg"]
[Black "Fossan, Andreas"]
[Result "1-0"]
[WhiteElo "1655"]
[BlackElo "942"]
[EventDate "2011.??.??"]

1.e4 e6 2.d4 d5 3.e5 c5 4.c3 Nc6 5.Nf3 Qb6 6.Be2 Nge7 7.O-O Ng6 8.a3 Bd7 
9.b4 c4 10.Ng5 h6 11.Nh3 O-O-O 12.a4 Be7 13.Bh5 Rdf8 14.Bxg6 fxg6 15.Nf4 
Rxf4 16.Bxf4 g5 17.Be3 h5 18.Qd2 Qd8 19.b5 Na5 20.Qc2 Qe8 21.Nd2 h4 22.f4 
Qh5 23.f5 h3 24.fxe6 hxg2 25.exd7+ Kc7 26.Nf3 gxf1=Q+ 27.Rxf1 g4 28.Ne1 
Qh3 29.Bf4 Kxd7 30.Qf5+ Ke8 31.Qc8+ Kf7 32.Bg3+ Kg6 33.Qe6+ Kh7 34.Qxe7 
Qh6 35.Qh4 Nb3 36.Qxh6+ Kxh6 37.Rf7 Nd2 38.Rxb7 Ra8 39.Bf4+ g5 40.Bxd2 Kg6
41.Rd7 Kf5 42.Rxd5 Ke4 43.Rc5 
1-0

[Event "Bergen Sommer NVGP 2011"]
[Site "Nordnes bydelshus, Bergen"]
[Date "2011.08.01"]
[Round "2"]
[White "Andås, Kjetil"]
[Black "Sørhus, Jostein"]
[Result "1-0"]
[WhiteElo "1289"]
[BlackElo "1326"]
[EventDate "2011.??.??"]

1.e4 c5 2.c3 d6 3.d4 cxd4 4.cxd4 Nf6 5.Nc3 e6 6.Nf3 Be7 7.d5 e5 8.h3 a6 9.
Be3 Nbd7 10.Rc1 b5 11.Qb3 O-O 12.Bd3 Rb8 13.O-O Nb6 14.a4 bxa4 15.Nxa4 
Nbd7 16.Qc4 Ne8 17.Ba7 Ra8 18.Qc6 Rxa7 19.Qxc8 Ra8 20.Qxd8 Bxd8 21.Rc6 a5 
22.Rfc1 Be7 23.Nd2 Nc5 24.Nxc5 dxc5 25.Nc4 f5 26.d6 Bg5 27.Ra1 fxe4 28.
Bxe4 Nf6 29.Bc2 Rfc8 30.Nxe5 Rxc6 31.Nxc6 Bf4 32.Rd1 Ra6 33.Ne7+ Kf8 34.d7
Bc7 35.Nf5 Ra8 36.g4 h6 37.f4 Rd8 38.g5 hxg5 39.fxg5 Nxd7 40.Rf1 Kg8 41.
Ne7+ Kh8 42.Rf5 c4 43.g6 Nf6 44.Rb5 Rd7 45.Nf5 Rd5 46.Rb7 Rd7 47.Kf1 Nd5 
48.Ba4 Rd8 49.Bc6 Bf4 50.Nxg7 Ne3+ 51.Ke2 Bh6 52.Ne6 Rc8 53.Rh7+ Kg8 54.
Rxh6 Rxc6 55.g7 Rxe6 56.Rxe6 Nd5 57.Kf3 Kxg7 58.Re5 
1-0

[Event "Bergen Sommer NVGP 2011"]
[Site "Nordnes bydelshus, Bergen"]
[Date "2011.08.01"]
[Round "2"]
[White "Fossan, Andreas"]
[Black "Aure, Anders Nilsson"]
[Result "1/2-1/2"]
[WhiteElo "942"]
[BlackElo "992"]
[EventDate "2011.??.??"]

1.d4 d5 2.c4 c6 3.Nc3 Nf6 4.Nf3 g6 5.Bf4 Bg7 6.e3 O-O 7.Be2 Bg4 8.Ne5 Bxe2
9.Qxe2 Nbd7 10.O-O e6 11.c5 Nxe5 12.Bxe5 Qd7 13.Qf3 Ne8 14.Bf4 Nc7 15.Qg3 
Rac8 16.f3 Rfe8 17.Nd1 b5 18.Nf2 a5 19.Ng4 Na6 20.Be5 Bxe5 21.Qxe5 Qc7 22.
Qxc7 Rxc7 23.Nf6+ Kf8 24.Nxe8 Kxe8 25.a3 Ra7 26.b4 a4 27.Rae1 f5 28.e4 Kf7
29.exf5 gxf5 30.f4 Re7 31.Rf3 Nc7 32.Kf2 Ne8 33.Rh3 Kg8 34.Rg1 Nf6 35.Rd3 
Ra7 36.h3 Kh8 37.Kf3 h5 38.Re3 Re7 39.Kg3 Kh7 40.Kh4 Kh6 41.Rge1 Ne4 42.g4
fxg4 43.hxg4 hxg4 44.Kxg4 Rg7+ 45.Kh4 Rg6 46.Rxe4 dxe4 47.Rxe4 Kg7 48.Re5 
Kf6 49.Rg5 Rg7 50.Rxg7 Kxg7 51.Kg4 Kf6 52.Kf3 Kf7 53.Ke3 Ke7 54.Kf3 Kf7 
55.Kg4 Kg6 56.Kf3 Kf7 57.Ke3 Ke7 58.Ke4 Kf6 
1/2-1/2

[Event "Bergen Sommer NVGP 2011"]
[Site "Nordnes bydelshus, Bergen"]
[Date "2011.08.01"]
[Round "2"]
[White "Bratbak, Anita"]
[Black "Lie, Terje"]
[Result "0-1"]
[WhiteElo "1453"]
[BlackElo "1281"]
[EventDate "2011.??.??"]

1.c4 e6 2.g3 Nf6 3.Bg2 Nc6 4.Nc3 b6 5.e3 Bb7 6.Nge2 Rb8 7.O-O Ne5 8.Nf4 
Bxg2 9.Kxg2 Nxc4 10.b3 Na5 11.d4 d5 12.Bb2 Be7 13.Rc1 O-O 14.Nb5 Rb7 15.
Qc2 c6 16.Nc3 Bd6 17.Nd3 Rc7 18.Qd2 Qe7 19.Rc2 Rfc8 20.Rfc1 Ne4 21.Nxe4 
dxe4 22.Ne5 Bxe5 23.dxe5 Rd8 24.Qe1 c5 25.b4 Nb7 26.Rc4 Rdc8 27.Rxe4 cxb4 
28.Rxc7 Rxc7 29.Rxb4 Nc5 30.Rd4 g6 31.Qd1 Kg7 32.Rd6 h5 33.h4 Kh7 34.Qf3 
Rd7 35.Kh2 Nb7 36.Rxd7 Qxd7 37.Qf6 Kg8 38.e4 Qd8 39.Qf4 Nc5 40.Qe3 Qd3 41.
Qxd3 Nxd3 42.Bd4 Kf8 43.Kg1 Ke7 44.Kf1 Kd7 45.a4 Kc6 46.f3 a6 47.Ke2 Nc5 
48.a5 b5 49.Bc3 Na4 50.Bb4 Nb2 51.f4 Na4 52.Kd3 Nc5+ 53.Kd4 Nb3+ 54.Ke3 
Nc5 55.Kd4 Nb7 56.Be7 Kd7 57.Bb4 Kc6 58.Be7 Nxa5 59.Kc3 Nb7 60.Kd3 a5 61.
Kd4 a4 62.Bb4 Kb6 63.Kc3 Nc5 64.Kd4 Nb3+ 65.Kc3 Kc6 66.Ba3 Nc5 67.Kd4 Na6 
68.Kc3 Kb6 69.Bd6 Ka5 70.Be7 b4+ 71.Kc4 a3 72.Kb3 a2 73.Kxa2 Ka4 74.Bd6 
b3+ 75.Kb2 Nb4 76.Kc3 Nc6 77.Bc5 Na5 78.Kb2 Nc4+ 79.Kc1 Na3 80.Kb2 Nc2 81.
Kb1 Ne1 82.Bd6 Nd3 83.Be7 Kb5 84.Bd6 Kc4 85.Be7 Kd4 86.Ka1 Kxe4 87.Kb1 Kf3
88.Bg5 Kxg3 89.Ka1 Nxf4 90.Kb2 Ng2 
0-1

[Event "Bergen Sommer NVGP 2011"]
[Site "Nordnes bydelshus, Bergen"]
[Date "2011.08.01"]
[Round "2"]
[White "Stokke, Kjetil"]
[Black "Bue, Gunnar"]
[Result "1-0"]
[WhiteElo "2383"]
[BlackElo "1604"]
[EventDate "2011.??.??"]

1.d4 Nf6 2.c4 g6 3.Nc3 Bg7 4.e4 d6 5.f4 O-O 6.Nf3 c5 7.d5 e6 8.Be2 exd5 9.
cxd5 a6 10.e5 dxe5 11.fxe5 Nfd7 12.e6 fxe6 13.dxe6 Nb6 14.Qxd8 Rxd8 15.Bf4
Re8 16.Bc7 Rxe6 17.Ng5 Bxc3+ 18.bxc3 Rc6 19.Bxb6 Rxb6 20.O-O-O Nc6 21.g4 
h6 22.Ne4 Be6 23.Nf6+ Kg7 24.Nd7 Bxd7 25.Rxd7+ Kh8 26.Rd6 
1-0

[Event "Bergen Sommer NVGP 2011"]
[Site "Nordnes bydelshus, Bergen"]
[Date "2011.08.01"]
[Round "2"]
[White "Demac, Elias"]
[Black "Time, Jonatan Ekelund"]
[Result "1-0"]
[WhiteElo "2193"]
[BlackElo "1607"]
[EventDate "2011.??.??"]

1.d4 d5 2.c4 e6 3.Nc3 Be7 4.cxd5 exd5 5.Bf4 Nf6 6.Qc2 O-O 7.e3 c5 8.Nf3 
Nc6 9.dxc5 Bxc5 10.Rd1 Nb4 11.Qb3 Bf5 12.Nd4 Bg6 13.a3 Bxd4 14.Qxb4 Bxc3+ 
15.bxc3 Qc8 16.Be5 a5 17.Qd4 Qc6 18.a4 Rfc8 19.Bb5 Qe6 20.O-O Ne4 21.Bxg7 
f6 22.Bh6 Nxc3 23.Rc1 Nxb5 24.axb5 b6 25.h3 a4 26.Rxc8+ Rxc8 27.Qxa4 Bd3 
28.Rd1 Bc2 29.Qa7 Qf7 30.Qxf7+ Kxf7 31.Rxd5 Rc5 32.Rxc5 bxc5 33.f3 Ke6 34.
b6 Kd6 35.Bf8+ Ke5
1-0

[Event "Bergen Sommer NVGP 2011"]
[Site "Nordnes bydelshus, Bergen"]
[Date "2011.08.01"]
[Round "2"]
[White "Fossan, Petter"]
[Black "Grønnestad, Anita"]
[Result "1-0"]
[WhiteElo "2182"]
[BlackElo "1815"]
[EventDate "2011.??.??"]

1.e4 e5 2.Nf3 Nf6 3.Bc4 Nc6 4.d3 Bc5 5.c3 d6 6.Bb3 O-O 7.Nbd2 a5 8.h3 Ba7 
9.Nf1 d5 10.Qe2 d4 11.Bg5 Qd6 12.Ng3 h6 13.Bd2 Rd8 14.c4 Bc5 15.Ba4 Ne7 
16.O-O Ng6 17.a3 Qb6 18.Nh2 Be6 19.Rfb1 Bd7 20.Bxd7 Nxd7 21.Nf5 a4 22.Nf1 
Bf8 23.Rd1 Nc5 24.Rab1 Ne6 25.g3 Qb3 26.h4 Kh7 27.h5 Ne7 28.Bb4 Nxf5 29.
exf5 Ng5 30.Nd2 Qa2 31.Bxf8 Rxf8 32.Re1 b5 33.cxb5 Rfe8 34.Ne4 Qd5 35.Rbc1
Qxb5 36.Rxc7 f6 37.Nxf6+ Kh8 38.Nxe8 Rxe8 39.f4 Qb6 40.Rec1 Nh3+ 41.Kh2 
Qf6 42.Kxh3 Qxf5+ 43.Qg4 
1-0

[Event "Bergen Sommer NVGP 2011"]
[Site "Nordnes bydelshus, Bergen"]
[Date "2011.08.01"]
[Round "2"]
[White "Stensholt, Sigvat"]
[Black "Hansen, Ola"]
[Result "1-0"]
[WhiteElo "1439"]
[BlackElo "1460"]
[EventDate "2011.??.??"]

1.d4 d6 2.c4 Nf6 3.Nc3 g6 4.e4 Bg7 5.f3 O-O 6.Bg5 h6 7.Be3 e5 8.Nge2 c6 9.
Qd2 Kh7 10.O-O-O Qa5 11.g4 Ng8 12.Ng3 Na6 13.Be2 Be6 14.f4 exf4 15.Bxf4 
Rfd8 16.Kb1 d5 17.cxd5 cxd5 18.e5 Nc7 19.Qd3 a6 20.g5 b5 21.Rdf1 b4 22.Nd1
Nb5 23.h4 Rab8 24.h5 Rdc8 25.hxg6+ fxg6 26.gxh6 Bf8 27.Bh5 Na3+ 28.bxa3 
bxa3+ 29.Ka1 Qb5 30.Bxg6+ Kh8 31.Qxb5 Rxb5 32.Ne3 Ne7 33.Bd3 Rcb8 34.Rc1 
1-0

[Event "Bergen Sommer NVGP 2011"]
[Site "Nordnes bydelshus, Bergen"]
[Date "2011.08.01"]
[Round "2"]
[White "Nordnes, Tor Gunnar"]
[Black "Strand, Øyvin"]
[Result "0-1"]
[WhiteElo "1624"]
[BlackElo "1967"]
[EventDate "2011.??.??"]

1.d4 f5 2.c4 Nf6 3.Nc3 g6 4.Bg5 Bg7 5.Qd2 h6 6.Bxf6 Bxf6 7.e4 d6 8.Nf3 Nc6
9.d5 Ne5 10.Nd4 c5 11.Ne6 Bxe6 12.dxe6 Qa5 13.exf5 gxf5 14.Be2 O-O-O 15.f4
Nc6 16.O-O Nd4 17.Bd3 h5 18.Rab1 h4 19.b4 Qa3 20.Nd5 Rh6 21.Kh1 b6 22.Rfe1
h3 23.Ne3 hxg2+ 24.Qxg2 Kb8 25.Bxf5 Rdh8 26.Bg4 Rxh2+ 27.Qxh2 Rxh2+ 28.
Kxh2 Qxa2+ 29.Kg3 Qd2 30.bxc5 dxc5 31.Rbd1 Qc3 32.Kh3 Kb7 33.Kh2 Bh4 34.
Nd5 
0-1

[Event "Bergen Sommer NVGP 2011"]
[Site "Nordnes bydelshus, Bergen"]
[Date "2011.08.01"]
[Round "2"]
[White "Skøien, Håvard"]
[Black "Rafnung, Skjalg"]
[Result "1-0"]
[WhiteElo "1949"]
[BlackElo "1655"]
[EventDate "2011.??.??"]

1.d4 d6 2.e4 f5 3.Nc3 Nc6 4.Nf3 fxe4 5.Nxe4 Bf5 6.Ng3 Bg4 7.Be2 Nf6 8.h3 
Bd7 9.Bg5 g6 10.Qd2 Bg7 11.Bh6 Bxh6 12.Qxh6 e6 13.h4 Qe7 14.h5 O-O-O 15.
Qd2 a6 16.O-O-O e5 17.hxg6 hxg6 18.Rxh8 Rxh8 19.dxe5 Nxe5 20.Nxe5 Qxe5 21.
Bf3 Bg4 22.Re1 Qb5 23.Qf4 Bxf3 24.Qxf6 Re8 25.Rxe8+ Qxe8 26.Qxf3 Qe1+ 27.
Qd1 Qxf2 28.Qe2 Qf4+ 29.Kb1 Kd7 30.Ne4 g5 31.a3 b5 32.g3 Qe5 33.Qg4+ Qe6 
34.Nf6+ Ke7 35.Qxe6+ Kxe6 36.Ng4 Kf5 37.Nf2 c5 38.c3 d5 39.Kc2 a5 40.b4 
cxb4 41.cxb4 axb4 42.axb4 Ke5 43.Kd3 d4 44.Nh3 
1-0

[Event "Bergen Sommer NVGP 2011"]
[Site "Nordnes bydelshus, Bergen"]
[Date "2011.08.02"]
[Round "3"]
[White "Strand, Øyvin"]
[Black "Demac, Elias"]
[Result "0-1"]
[WhiteElo "1967"]
[BlackElo "2193"]
[EventDate "2011.??.??"]

1.d4 d5 2.e3 c5 3.b3 Nc6 4.Bb2 cxd4 5.exd4 Nf6 6.Nf3 Bg4 7.Be2 e6 8.O-O 
Bd6 9.c4 O-O 10.c5 Bc7 11.Ne5 Bxe5 12.Bxg4 Nxg4 13.Qxg4 Bf6 14.Nd2 b6 15.
cxb6 Qxb6 16.Nf3 Rfc8 17.Bc3 Ne7 18.Rfc1 Rc6 19.Bd2 Rac8 20.Rxc6 Rxc6 21.
Qf4 Nf5 22.Be3 h6 23.h4 Rc3 24.h5 Qa6 25.Qb8+ Rc8 26.Qf4 Qe2 27.g4 Nxe3 
28.Qxe3 Qb2 29.Rd1 Rc3 30.Qf4 Qe2 
0-1

[Event "Bergen Sommer NVGP 2011"]
[Site "Nordnes bydelshus, Bergen"]
[Date "2011.08.02"]
[Round "3"]
[White "Lie, Terje"]
[Black "Skøien, Håvard"]
[Result "0-1"]
[WhiteElo "1281"]
[BlackElo "1949"]
[EventDate "2011.??.??"]

1.d4 e6 2.c4 f5 3.Nf3 Nf6 4.g3 b6 5.Bg2 Bb7 6.O-O Be7 7.Nc3 Ne4 8.d5 Nxc3 
9.bxc3 Bf6 10.Bb2 e5 11.e3 d6 12.Qc2 g6 13.e4 Bc8 14.h4 O-O 15.Bc1 Na6 16.
Bh6 Bg7 17.Bg5 Qe8 18.Ne1 Nc5 19.f3 f4 20.gxf4 exf4 21.Qd2 Qe5 22.Nc2 h6 
23.Bxh6 Bxh6 24.Nd4 Bd7 25.Kf2 Bg7 26.Rh1 Bf6 27.Rh2 Kf7 28.Rah1 Rh8 29.
Ke2 Rh5 30.Qe1 Rah8 31.Qf2 g5 32.Bh3 Rxh4 33.Bxd7 Nxd7 34.Nb5 Nf8 35.Rxh4 
Rxh4 36.Rg1 g4 37.Qg2 g3 38.Rh1 Qh5 39.Rxh4 Qxh4 40.Nxa7 Nd7 41.Nb5 Ne5 
42.Nxc7 Nxc4 43.Nb5 Qh2 44.Nxd6+ Nxd6 45.Kf1 Qxg2+ 46.Kxg2 Bxc3 47.Kh3 Kf6
48.Kg2 Ke5 49.a4 Kd4 50.Kf1 Ke3 51.Kg2 Be5 
0-1

[Event "Bergen Sommer NVGP 2011"]
[Site "Nordnes bydelshus, Bergen"]
[Date "2011.08.02"]
[Round "3"]
[White "Grønnestad, Anita"]
[Black "Stanghelle, Anders"]
[Result "1-0"]
[WhiteElo "1815"]
[BlackElo "1200"]
[EventDate "2011.??.??"]

1.e4 c5 2.c3 Nf6 3.e5 Nd5 4.d4 cxd4 5.cxd4 e6 6.Nc3 Bb4 7.Bd2 Qa5 8.a3 
Nxc3 9.axb4 Nxd1 10.bxa5 Nxb2 11.Ra2 Nc6 12.Nf3 Nd1 13.Kxd1 O-O 14.Bb5 a6 
15.Bxc6 dxc6 16.Bb4 Rd8 17.Bc5 Rd5 18.Nd2 Bd7 19.Nc4 Rd8 20.Nb6 Rxc5 21.
dxc5 Be8+ 
1-0

[Event "Bergen Sommer NVGP 2011"]
[Site "Nordnes bydelshus, Bergen"]
[Date "2011.08.02"]
[Round "3"]
[White "Time, Jonatan Ekelund"]
[Black "Andås, Kjetil"]
[Result "0-1"]
[WhiteElo "1607"]
[BlackElo "1289"]
[EventDate "2011.??.??"]

1.d4 Nf6 2.c4 c5 3.d5 b5 4.cxb5 a6 5.bxa6 g6 6.Nc3 Bxa6 7.e4 Bxf1 8.Kxf1 
d6 9.Be3 Nbd7 10.Qc1 Ng4 11.Bd2 Qb6 12.Nf3 c4 13.Be3 Nxe3+ 14.fxe3 Nc5 15.
Ne1 Bg7 16.Ke2 Qa5 17.Qc2 O-O 18.a3 Rfb8 19.Ra2 Bxc3 20.bxc3 Rb3 21.Kf3 
Rxc3 22.Qb2 Rxa3 23.Rxa3 Qxa3 24.Qxa3 Rxa3 25.Nc2 Ra4 26.Nd4 Nb3 27.Nxb3 
cxb3 28.Rb1 Rb4 29.Ke2 Kg7 30.Kd3 Kf6 31.Rb2 Ke5 32.Rf2 b2 
0-1

[Event "Bergen Sommer NVGP 2011"]
[Site "Nordnes bydelshus, Bergen"]
[Date "2011.08.02"]
[Round "3"]
[White "Aure, Anders Nilsson"]
[Black "Bratbak, Anita"]
[Result "0-1"]
[WhiteElo "992"]
[BlackElo "1453"]
[EventDate "2011.??.??"]

1.c4 g6 2.Nc3 c5 3.g3 Bg7 4.Bg2 d6 5.Nf3 Nc6 6.O-O e5 7.Rb1 Nge7 8.a3 a5 
9.Nb5 O-O 10.e3 Be6 11.b3 Bf5 12.Ra1 e4 13.Ra2 exf3 14.Bxf3 Bd3 15.Re1 a4 
16.Kg2 axb3 17.Qxb3 Ne5 18.Be2 Bxe2 19.Rxe2 Qd7 20.Kg1 Qc6 21.e4 Nc8 22.d3
Na7 23.Nc3 Nf3+ 24.Kg2 Nd4 25.Qc2 Nxe2 26.Qxe2 Bxc3 
0-1

[Event "Bergen Sommer NVGP 2011"]
[Site "Nordnes bydelshus, Bergen"]
[Date "2011.08.02"]
[Round "3"]
[White "Stokke, Kjetil"]
[Black "Fossan, Petter"]
[Result "1-0"]
[WhiteElo "2383"]
[BlackElo "2182"]
[EventDate "2011.??.??"]

1.Nf3 c5 2.c4 g6 3.g3 Bg7 4.Bg2 Nc6 5.Nc3 Nf6 6.d4 cxd4 7.Nxd4 O-O 8.O-O 
d6 9.Nxc6 bxc6 10.Bxc6 Rb8 11.Bg2 Qa5 12.Qd3 Qh5 13.b3 Be6 14.Bd2 Ng4 15.
h4 h6 16.Rac1 g5 17.Nd5 Bxd5 18.Qxd5 Be5 19.f4 gxh4 20.fxe5 hxg3 21.Rf4 
Nxe5 22.Bc3 Rbc8 23.Bxe5 dxe5 24.Re4 Rcd8 25.Qxe5 Qh2+ 26.Kf1 Rd6 27.Qxe7 
Rfd8 28.Re1 h5 29.Rh4 
1-0

[Event "Bergen Sommer NVGP 2011"]
[Site "Nordnes bydelshus, Bergen"]
[Date "2011.08.02"]
[Round "3"]
[White "Sørhus, Jostein"]
[Black "Fossan, Andreas"]
[Result "1-0"]
[WhiteElo "1326"]
[BlackElo "942"]
[EventDate "2011.??.??"]

1.d4 Nf6 2.c4 g6 3.Nc3 d5 4.cxd5 Nxd5 5.e4 Nxc3 6.bxc3 Bg7 7.Bc4 O-O 8.Be3
c5 9.Qd2 cxd4 10.cxd4 Nc6 11.Ne2 Qa5 12.Rd1 Qxd2+ 13.Rxd2 Rd8 14.h4 h5 15.
f3 e5 16.d5 Na5 17.Bd3 Bf8 18.O-O Be7 19.g3 Bd7 20.Rc2 b6 21.Ba6 Bc8 22.
Bb5 Bb7 23.Rd1 Bd6 24.Kg2 Rac8 25.Rdc1 Rxc2 26.Rxc2 Rc8 27.Rxc8+ Bxc8 28.
f4 f6 29.fxe5 fxe5 30.Ng1 Bg4 31.Nf3 Bxf3+ 32.Kxf3 Kf8 33.Bh6+ Ke7 34.Bg5+
Kf8 35.Ba6 Ke8 36.Bb5+ Kf7 37.g4 Nb7 38.Be3 Ke7 39.gxh5 gxh5 40.Be2 Kf7 
41.Bg5 Nc5 42.Ke3 Kg6 43.Bf3 a6 44.Kd2 b5 45.Bd8 Nb7 46.Bg5 Nc5 47.Kc3 Nb7
48.Bd1 Nc5 49.Bc2 Nb7 50.a4 b4+ 51.Kd2 Na5 52.Bd3 b3 53.Bxa6 b2 54.Kc2 Ba3
55.Kb1 Nb3 56.Bd3 Nc5 57.Bc2 Kf7 58.Ka2 Bb4 59.Kxb2 Ke8 60.Be3 Be1 61.Bxc5
Bxh4 62.Bd1 Bd8 63.Bxh5+ Kd7 64.Kb3 Ba5 65.Kc4 Bd8 66.Kb5 Be7 67.Bb6 Bd6 
68.a5 Bb8 69.Bg4+ Ke7 70.Kc6 Kf7 71.a6 Kg6 72.Kb7 Kg5 73.Kxb8 Kxg4 74.d6 
Kf4 75.a7 Kxe4 76.a8=Q+ Kd3 77.d7 
1-0

[Event "Bergen Sommer NVGP 2011"]
[Site "Nordnes bydelshus, Bergen"]
[Date "2011.08.02"]
[Round "3"]
[White "Bue, Gunnar"]
[Black "Stensholt, Sigvat"]
[Result "0-1"]
[WhiteElo "1604"]
[BlackElo "1439"]
[EventDate "2011.??.??"]

1.d4 d5 2.c4 dxc4 3.e3 Nf6 4.Bxc4 e6 5.Nf3 c5 6.O-O a6 7.a4 Nc6 8.Nc3 Be7 
9.b3 O-O 10.Bb2 cxd4 11.exd4 Nd5 12.Ne4 b6 13.Rc1 Bb7 14.g3 Ndb4 15.Qe2 
Rc8 16.Rcd1 Na5 17.Ne5 Nxc4 18.bxc4 Qe8 19.Nc3 Bd6 20.f3 Bxe5 21.Qxe5 Rxc4
22.Ne4 f6 23.Qf4 Nd5 24.Qd2 Qxa4 25.Nd6 Rc2 26.Qe1 Rxb2 27.Qxe6+ Kh8 28.
Nf7+ Rxf7 29.Qxf7 h6 30.Qxb7 Qc2 31.Rf2 Qxf2+ 
0-1

[Event "Bergen Sommer NVGP 2011"]
[Site "Nordnes bydelshus, Bergen"]
[Date "2011.08.02"]
[Round "3"]
[White "Hølleland, Sigve"]
[Black "Nordnes, Tor Gunnar"]
[Result "1/2-1/2"]
[WhiteElo "1353"]
[BlackElo "1624"]
[EventDate "2011.??.??"]

1.c4 b6 2.Nc3 Bb7 3.e4 c5 4.g3 Nc6 5.Bg2 e5 6.Nge2 Nf6 7.d3 h5 8.f4 h4 9.
Kd2 Ng4 10.Qf1 Nd4 11.Bh3 f5 12.Nd5 Bxd5 13.cxd5 b5 14.Nxd4 cxd4 15.Bxg4 
fxg4 16.fxe5 Bb4+ 17.Kd1 Rf8 18.Qe2 Rf3 19.Rf1 hxg3 20.hxg3 Rxg3 21.Bf4 
Rf3 22.Rxf3 gxf3 23.Qxf3 Qh4 24.Bg3 Qh6 
1/2-1/2

[Event "Bergen Sommer NVGP 2011"]
[Site "Nordnes bydelshus, Bergen"]
[Date "2011.08.03"]
[Round "4"]
[White "Demac, Elias"]
[Black "Stokke, Kjetil"]
[Result "1/2-1/2"]
[WhiteElo "2193"]
[BlackElo "2383"]
[EventDate "2011.??.??"]

1.d4 g6 2.g3 Bg7 3.Bg2 c5 4.dxc5 Qa5+ 5.c3 Qxc5 6.Nf3 Nf6 7.O-O Nc6 8.Nd4 
O-O 9.e4 d6 10.h3 Qb6 11.Na3 Rd8 12.Nc4 Qc7 13.Ne3 a6 14.b3 e5 15.Nxc6 
Qxc6 16.c4 b5 17.Nd5 Nxd5 18.cxd5 Qb7 19.Bd2 Bd7 20.Ba5 Rdc8 21.Qd2 Bf6 
22.Qb4 Rc5 23.Qa3 Be7 24.Rac1 Rac8 25.Bb4 Rc2 26.Rxc2 Rxc2 27.Rc1 Rxc1+ 
1/2-1/2